Dokonalejší texty ve Wordu v rekordním čase

Na minha lista:
Detalhes bibliográficos
Autor principal: Bříza, Vladimír (Author)
Formato: Livro
Idioma:tcheco
Publicado em: Praha : Grada Publishing, 2001
Tags: Adicionar Tag
Sem tags, seja o primeiro a adicionar uma tag!

MARC

LEADER 00000nam a22000003a 4500
001 stu73701
005 20190206132322.1
008 020207s2001----xr------------------cze-d
020 |a 80-247-0043-3 
040 |a STU  |b slo 
041 0 |a cze 
044 |a xr 
080 |a 681.3.06 
100 1 |a Bříza, Vladimír  |4 aut 
245 1 |a Dokonalejší texty ve Wordu v rekordním čase 
260 |a Praha :  |b Grada Publishing,  |c 2001 
300 |a 87 s. Tab.,index 
996 |b CB2358  |c C*B2358  |l CCXVI  |s P  |a 0  |w stu73701_0001